00530nam a2200181 a 45000010010000000030011000100080041000210350026000620820014000881000021001022450028001232600046001516500014001979420012002119520090002239980020003139990015003330000-8600ELIB.Books110520 1946  a(ELIB.Books)0000-8746 a252 bPle aPleune, Peter H. aThe Where abouts of God bNew York: Abingdon Cokesbury Press c1946 aPreaching 2ddccBK 00102ddc4070aKBTSbKBTSd2011-05-20l0p1473r2022-01-22 00:00:00w2022-01-22yBK cbate2011-05-20 c8600d8600